000
00273nam a22001217a 4500
008
260116b ||||| |||| 00| 0 eng d
041
_a
eng
080
_a
003
100
_a
20
101
_a
ark
245
_a
Architectural Record
_c
The magazine of the aia
942
_2
udc
_c
BK
999
_c
60757
_d
60757